Markets (Record no. 83601)
[ view plain ]
| 000 -LEADER | |
|---|---|
| fixed length control field | 01148cab a22002055a 4500 |
| 001 - CONTROL NUMBER | |
| control field | L154402 |
| 008 - FIXED-LENGTH DATA ELEMENTS--GENERAL INFORMATION | |
| fixed length control field | 111125e20111118xxk 000 0 eng d |
| 035 ## - SYSTEM CONTROL NUMBER | |
| System control number | (Sirsi) u154402 |
| 041 0# - LANGUAGE CODE | |
| Language code of text/sound track or separate title | eng |
| 100 1# - MAIN ENTRY--PERSONAL NAME | |
| Personal name | Hatcher, David |
| 245 00 - TITLE STATEMENT | |
| Title | Markets |
| Remainder of title | East Midlands |
| 260 ## - PUBLICATION, DISTRIBUTION, ETC. | |
| Date of publication, distribution, etc. | 2011 |
| 490 #0 - SERIES STATEMENT | |
| Series statement | Property Week |
| Volume/sequential designation | 77(46) 18 November 2011, 49-58(5) |
| 520 ## - SUMMARY, ETC. | |
| Summary, etc. | Capital Shopping Centres inherits huge Marks & Spencer and Harvey Nichols prelets when it buys a 75% stake in Westfield Broadmarsh in Nottingham. Examines progress in five development areas in Derby. Innes England reports that only 25 939 sq ft of new office space remains in Derby. Food retailer Greggs aims to acquire at least 20 new stores across the East Midlands next year. IM Properties is to create nearly 2m sq ft of industrial space at Eastwood. Helical Bar outlines plans for its £70m purchase of Corby town centre and the Willow Place shopping centre. |
| 590 ## - LOCAL NOTE (RLIN) | |
| Local note | KA |
| 651 #4 - SUBJECT ADDED ENTRY--GEOGRAPHIC NAME | |
| Geographic name | East Midlands |
| 690 ## - LOCAL SUBJECT ADDED ENTRY--TOPICAL TERM (OCLC, RLIN) | |
| Topical term or geographic name as entry element | PROPERTY-COMMERCIAL PROPERTY-COMMERCIAL PROPERTY MARKET |
| 690 ## - LOCAL SUBJECT ADDED ENTRY--TOPICAL TERM (OCLC, RLIN) | |
| Topical term or geographic name as entry element | PROPERTY-COMMERCIAL PROPERTY-COMMERCIAL PROPERTY FINANCE AND INVESTMENT |
| 942 ## - ADDED ENTRY ELEMENTS (KOHA) | |
| Suppress in OPAC | 0 |
| Withdrawn status | Lost status | Source of classification or shelving scheme | Damaged status | Not for loan | Home library | Current library | Shelving location | Date acquired | Total Checkouts | Full call number | Barcode | Date last seen | Copy number | Price effective from | Koha item type |
|---|---|---|---|---|---|---|---|---|---|---|---|---|---|---|---|
| Dewey Decimal Classification | London | London | Journal article | 25/11/2011 | L154402 | 154402-1001 | 06/08/2019 | 1 | 06/08/2019 | Journal article |